<?xml version="1.0" encoding="UTF-8"?>
<collection xmlns="http://www.loc.gov/MARC21/slim">
 <record>
  <leader>01417nab a2200229 i 4500</leader>
  <controlfield tag="001">acta70968</controlfield>
  <controlfield tag="005">20220718155258.0</controlfield>
  <controlfield tag="008">201209s2020    hu      o     0||   eng d</controlfield>
  <datafield tag="022" ind1=" " ind2=" ">
   <subfield code="a">1416-7263</subfield>
  </datafield>
  <datafield tag="024" ind1="7" ind2=" ">
   <subfield code="a">10.14232/actahisp.2020.0.141-150</subfield>
   <subfield code="2">doi</subfield>
  </datafield>
  <datafield tag="040" ind1=" " ind2=" ">
   <subfield code="a">SZTE Egyetemi Kiadványok Repozitórium</subfield>
   <subfield code="b">hun</subfield>
  </datafield>
  <datafield tag="041" ind1=" " ind2=" ">
   <subfield code="a">eng</subfield>
  </datafield>
  <datafield tag="100" ind1="1" ind2=" ">
   <subfield code="a">Lehoczki Bernadett</subfield>
  </datafield>
  <datafield tag="245" ind1="1" ind2="0">
   <subfield code="a">Interregionalism </subfield>
   <subfield code="h">[elektronikus dokumentum] :</subfield>
   <subfield code="b">the case of Latin America /</subfield>
   <subfield code="c"> Lehoczki Bernadett</subfield>
  </datafield>
  <datafield tag="260" ind1=" " ind2=" ">
   <subfield code="a">Universidad de Szeged, Departamento de Estudios Hispánicos</subfield>
   <subfield code="b">Szeged</subfield>
   <subfield code="c">2020</subfield>
  </datafield>
  <datafield tag="300" ind1=" " ind2=" ">
   <subfield code="a">141-150</subfield>
  </datafield>
  <datafield tag="490" ind1="0" ind2=" ">
   <subfield code="a">Acta hispanica</subfield>
  </datafield>
  <datafield tag="520" ind1="3" ind2=" ">
   <subfield code="a">The aim of this study is to give an introduction to the place and role of Latin America as a world region in interregional relations. Latin America –at the regional and the state level– has long and deep experiences in being involved in inter-regional cooperation, a new element of global governance. After a short introduction to the phenomenon of interregionalism, the study focuses on the Latin American way of involvement and participation in inter-regional cooperation trying to detect special regional characteristics for deeper understanding.</subfield>
  </datafield>
  <datafield tag="650" ind1=" " ind2="4">
   <subfield code="a">Társadalomtudományok</subfield>
  </datafield>
  <datafield tag="650" ind1=" " ind2="4">
   <subfield code="a">Politikatudomány</subfield>
  </datafield>
  <datafield tag="695" ind1=" " ind2=" ">
   <subfield code="a">Külpolitika - Latin-Amerika, Regionális politika - Latin-Amerika</subfield>
  </datafield>
  <datafield tag="856" ind1="4" ind2="0">
   <subfield code="u">http://acta.bibl.u-szeged.hu/70968/1/hispanica_2020_supl_141-150.pdf</subfield>
   <subfield code="z">Dokumentum-elérés </subfield>
  </datafield>
 </record>
</collection>
